| 000 | 00642nam a2200181 i 4500 | ||
|---|---|---|---|
| 001 | 65324 | ||
| 003 | ES-MaACL | ||
| 007 | t| | ||
| 008 | 040112s1925 sp ||||1| spa d | ||
| 100 | 1 |
_aFreitas, Serafín. _952469 |
|
| 245 | 1 | 0 |
_aDe justo imperio lusitanorum asiatico / _cobra de Serafín de Freitas ; con un prólogo de Fernández Prida ; traducción de José Zurita. |
| 260 |
_aValladolid : _bCasa Social Católica, _c1925. |
||
| 300 |
_a366 p. ; _c24 cm. |
||
| 500 | _aReimp. a costa de la Universidad de Valladolid. | ||
| 700 | 1 |
_aFernández Prida, Joaquín. _950011 |
|
| 700 | 1 |
_aZurita, José. _9118538 |
|
| 852 |
_aES-MaACL _jB-5446 |
||
| 999 |
_c65324 _d65324 |
||